00556nam a2200181 450000500170000000800410001701000140005802000250007203500130009703700150011004000180012508200100014310000210015324500750017426000510024927000520030030000220035220020327112551.0710422s1970 enk b 000 0 eng  aENG-92720 c50.00a9788190789653 aEN-76253 bDBAD / PUB adplbEnglish  a511.5 aRameshkumar, D.  aGraph theory and its applications to mathematics /cby D. Rameshkumar  aTamilnadu bMercury Printers Publishers c2008 aGanesh Complex, PeramballorbTamilnadu e621212 a86p. c20cm (pbk)